Mấy vấn đề cơ bản về công tác thanh niên hiện nay
Zapisane w:
| 1. autor: | |
|---|---|
| Format: | Książka |
| Wydane: |
H.
Sự thật
1981
|
| Hasła przedmiotowe: | |
| Etykiety: |
Dodaj etykietę
Nie ma etykietki, Dołącz pierwszą etykiete!
|
| Thư viện lưu trữ: | Trung tâm Học liệu Lê Vũ Hùng, Trường Đại học Đồng Tháp |
|---|
| LEADER | 00696pam a22001938a 4500 | ||
|---|---|---|---|
| 001 | 00015793 | ||
| 005 | 20171026081022.0 | ||
| 008 | 110331s1981 ||||||Viesd | ||
| 041 | 0 | # | |a Vie |
| 082 | 1 | 4 | |a 335.434.63 |b M126V |
| 100 | 0 | # | |a Đặng Quốc Bảo |
| 245 | 0 | 0 | |a Mấy vấn đề cơ bản về công tác thanh niên hiện nay |c Đặng Quốc Bảo |
| 260 | # | # | |a H. |b Sự thật |c 1981 |
| 300 | # | # | |a 83 tr. |c 19 cm. |
| 653 | # | # | |a Thanh niên |a Công tác Đoàn |a Giáo dục chính trị |
| 852 | # | # | |b Kho đọc |j KD.0001133 |
| 852 | # | # | |j KD.0001133 |
| 910 | |d 31/03/2011 | ||
| 980 | # | # | |a Trung tâm Học liệu Lê Vũ Hùng, Trường Đại học Đồng Tháp |